Bilecik Bilecik Bilecik Bilecik Bilecik

Tematik güvenlik çalışmaları/ (Record no. 71626)

MARC details
000 -BAŞLIK
Sabit Uzunluktaki Kontrol Alanı 01384nam a22003977a 4500
001 - KONTROL NUMARASI
Control Dosyası 0070878
003 - KONTROL NUMARASI KİMLİĞİ
Kontrol Alanı KOHA_MİRAKIL
005 - EN SON İŞLEM TARİHİ ve ZAMANI
Kontrol Alanı 20260207004944.0
007 - FİZİKSEL TANIM SABİT ALAN - GENEL BİLGİ
Sabit uzunluklu kontrol alanı ta
008 - SABİT UZUNLUKTAKİ VERİ ÖGELERİ - GENEL BİLGİ
Sabit Alan 240424b2020 tu |||gr||||#||||0|tur |
020 ## - ISBN - ULUSLARARASI STANDART KİTAP NUMARASI
Isbn 9786257142007
040 ## - KATALOGLAMA KAYNAĞI
Özgün Kataloglama Kurumu TR-BiSEU
Kataloglama Dili tur
Çeviri Kurumu TR-BiSEU
Açıklama Kuralları rda
041 0# - DİL KODU
Metin ya da ses kaydının dil kodu tur
044 ## - YAYINLAYAN/ÜRETEN KURULUŞUN ÜLKE KODU
ISO country code tu
050 ## - SINIFLAMA ve YER NUMARASI
Sınıflama Numarası UA810
Yer Numarası .T46 2020
245 0# - ESER ADI BİLDİRİMİ
Başlık Tematik güvenlik çalışmaları/
Sorumluluk Bildirimi Editörler Gökhan Sarı, Taner Alabacak.
250 ## - BASIM BİLDİRİMİ
Basım Bildirimi 2.Baskı
264 #1 - ÜRERİM, YAYIN, DAĞITIM ve TELİF BİLDİRİMİ
Yayın yeri Ankara :
Yayınlayan Jandarma ve Sahil Güvenlik Akademisi Yayınları
Yayın tarihi 2020
300 ## - FİZİKSEL TANIMLAMA
Sayfa, Cilt vb. 252 sayfa: resimli; 22 cm.
336 ## - İÇERİK TÜRÜ
Content type term metin
Content type code txt
Source rdacontent
337 ## - MEDYA TÜRÜ
Media type term aracısız
Media type code n
Source rdamedia
338 ## - TAŞIYICI TÜRÜ
Carrier type term cilt
Carrier type code nc
Source rdacarrier
490 1# - DİZİ BİLDİRİMİ
Dizi Bildirimi Jandarma ve Sahil Güvenlik Akademisi yayın numarası ;
Cilt Numarası 89.
490 1# - DİZİ BİLDİRİMİ
Dizi Bildirimi Güvenlik Bilimleri Enstitüsü yayın numarası ;
Cilt Numarası 11.
490 1# - DİZİ BİLDİRİMİ
Dizi Bildirimi Eser numarası ;
Cilt Numarası 44
500 ## - GENEL NOT
Genel Not Kaynakça var.
650 #0 - KONU BAŞLIĞI EK GİRİŞ - KONU TERİMİ
Konusal terim veya coğrafi ad Güvenlik--Türkiye.
9 (RLIN) 138754
650 #0 - KONU BAŞLIĞI EK GİRİŞ - KONU TERİMİ
Konusal terim veya coğrafi ad Ermeni sorunu.
9 (RLIN) 9825
650 #0 - KONU BAŞLIĞI EK GİRİŞ - KONU TERİMİ
Konusal terim veya coğrafi ad Yönetim bilimi--Güvenlik.
9 (RLIN) 138755
650 #0 - KONU BAŞLIĞI EK GİRİŞ - KONU TERİMİ
Konusal terim veya coğrafi ad Terörizm--Türkiye.
9 (RLIN) 6333
650 #0 - KONU BAŞLIĞI EK GİRİŞ - KONU TERİMİ
Konusal terim veya coğrafi ad Security, International.
9 (RLIN) 69333
830 1# - SERİ EK GİRİŞİ - TEKBİÇİM ESER ADI
Tekbiçim Başlık Jandarma ve Sahil Güvenlik Akademisi yayın numarası ;
Volume number/sequential designation 89.
9 (RLIN) 138756
830 1# - SERİ EK GİRİŞİ - TEKBİÇİM ESER ADI
Tekbiçim Başlık Güvenlik Bilimleri Enstitüsü yayın numarası ;
Volume number/sequential designation 11.
9 (RLIN) 138757
830 1# - SERİ EK GİRİŞİ - TEKBİÇİM ESER ADI
Tekbiçim Başlık Eser numarası ;
Volume number/sequential designation 44
9 (RLIN) 138758
942 ## - EK GİRİŞ ÖGELERİ (KOHA)
Source of classification or shelving scheme Library of Congress Classification
Koha item type Book
Holdings
Materyal Türü Kalıcı Konum Mevcut Konum Raf Yeri Sınıflandırma Kaynağı Edinim Bilgisi Ana Konular Alt Konular Yer Numarası Demirbaş Numarası Fatura Tarihi Geri Çekilme Durumu Kayıp Durumu Hasarlı Durumu Kredi için değil Kayıt Tarih Toplam Ödünçverme Son Görülme Tarihi Son Kontrol Tarihi Genel / Bağış Notu
Book Prof. Dr. Azmi Özcan Kütüphanesi Prof. Dr. Azmi Özcan Kütüphanesi Uluğbey Salonu Library of Congress Classification Bağış ASKERİ BİLİM Ordular: Organizasyon, Dağılım, Askeri Durum UA810 .T46 2020 0070878 02/02/2026         24/04/2024   17/03/2025 17/03/2025 Genel Bağış